000 00583nam a22002177a 4500
003 UA-OsUOA
001 42221
007 ta
008 20081203b un ||||| |||| 00| 0 ukr d
090 _a94(477).152(К)
_bД37
942 _cBK
040 _aUA-OsUOA
_bukr
_cUA-OsUOA
_dUA-OsUOA
245 _aДесятий конгрес українців Канади
_b8, 9, 10 і 11 жовтня 1971
300 _a237 с.
955 _a4
041 _aukr
080 _a94(477).152(К)
260 _aВінніпег
650 7 _a0 Загальний відділ.
_2UDC
999 _c440719
_d440719